[Event "RUS-chT 11th"]
[Site "Sochi"]
[Date "2004.04.23"]
[Round "4.5"]
[White "Loginov, Valery A"]
[Black "Glek, Igor Vladimirovich"]
[Result "0-1"]
[WhiteElo "2516"]
[BlackElo "2571"]
[Annotator "Ftacnik,L"]
[PlyCount "80"]
[EventDate "2004.04.20"]
[EventType "team-tourn"]
[EventRounds "9"]
[EventCountry "RUS"]
[SourceTitle "EXT 2020"]
[Source "ChessBase"]
[SourceDate "2019.10.17"]
[SourceVersion "1"]
[SourceVersionDate "2019.10.17"]
[SourceQuality "1"]
[WhiteTeam "Sankt Petersburg"]
[BlackTeam "Samara Termosteps"]
[WhiteTeamCountry "RUS"]
[BlackTeamCountry "RUS"]

1. Nf3 Nf6 2. c4 g6 3. d4 Bg7 4. g3 c6 5. Bg2 d5 6. Qb3 a5 7. Nc3 a4 8. Qb4
dxc4 9. Qxc4 O-O 10. O-O Qa5 11. Bf4 (11. h3 Nbd7 12. e4 b5 13. Qd3 b4 14. Ne2
Ba6 {1/2-1/2 Anic,D-Bacrot,E/Besancon 1999/ (14)}) 11... Bf5 {Black can be
happy with the opening, his pieces will have pleasant play.} 12. b4 (12. Rfc1
Nbd7 13. h3 Nb6 14. Qc5 Qxc5 15. dxc5 Nbd5 $11) 12... axb3 13. Qxb3 (13. axb3
Qxa1 14. Rxa1 Rxa1+ 15. Bf1 Na6 $17) 13... Nbd7 14. Rfc1 Ra7 15. Nd2 (15. h3
Ne4 16. Nxe4 Bxe4 $11) 15... Be6 16. Qd1 (16. Qb2 Qa3 17. Qxa3 Rxa3 18. Rab1
Nh5 $11) 16... Nd5 (16... Rfa8 17. e4 g5 18. Be3 Ng4 19. Nb3 Nxe3 20. fxe3 Qd8
$11) 17. Nxd5 cxd5 {There is nothing wrong with restoration of the pawn
symmetry, but also 17...Bxd5 could have been enough for keeping balance.} (
17... Bxd5 18. e4 Be6 19. Be3 Rfa8 20. d5 cxd5 21. Nb3 Qa4 22. Bxa7 Bxa1 23.
Rxa1 Rxa7 24. exd5 Bf5 $11) 18. Nb3 Qa3 19. Rc7 b6 (19... Rfa8 20. e3 h6 21. h4
b5 22. Rxa7 Rxa7 $11) 20. Rc6 (20. Rxa7 Qxa7 21. a4 Rc8 22. a5 bxa5 23. Rxa5
$14) 20... Rfa8 21. Qc2 Qa4 (21... Bf5 22. Qc3 e6 23. Bd6 Qa6 24. f3 $14) 22.
e3 (22. Rc8+ Rxc8 23. Qxc8+ Bf8 24. Qc3 Bg7 $11) 22... Qb4 23. h4 Ra3 24. Rc8+
Nf8 {Glek could have trusted his counterplay a bit more with exchange of the
rooks.} (24... Rxc8 25. Qxc8+ Bf8 26. Qb7 Qa4 27. Rc1 Rxa2 28. Bxd5 Bxd5 29.
Qxd5 Nf6 $15) 25. Rxa8 Rxa8 26. Qc6 Rc8 (26... Ra3 27. Bxd5 Bxd5 28. Qxd5 Qa4
29. Nc1 $14) 27. Qb7 Qb5 $6 (27... Rc2 28. Bxd5 Bxd5 29. Qxd5 e6 30. Qb7 $14)
28. Qxe7 Nd7 29. h5 Bf6 (29... Bf8 30. Qh4 Rc2 31. Bf3 $16) 30. Qd6 (30. Qa3
gxh5 31. Bf1 Qc6 32. Rc1 Qb7 33. Rxc8+ Qxc8 34. Bb5 $16) 30... g5 31. Bf1 $4 {
[%mdl 8192] Very unusual blunder, in the wrong moment white is ending
opponent's queen from a good square, but his own lady loses the only retreat
possibility!} (31. Be5 $1 Rc6 32. Qa3 Nxe5 33. dxe5 Bxe5 34. Bf1 Rc4 35. Bxc4
dxc4 36. Nd4 $16) 31... Qa4 $1 32. Rc1 (32. Be5 Rc6 $19) 32... Rxc1 33. Nxc1
gxf4 34. Qxf4 Qc2 35. Nd3 (35. Ne2 Be7 36. Qf3 Nf6 $19) 35... Qd1 36. Kg2 (36.
Qc7 Bg5 37. Nf4 Bf5 38. Qd6 Bxf4 39. Qxf4 Qxh5 $19) 36... Qxh5 37. Kg1 Bf5 38.
Qd6 Be4 39. Bg2 Qd1+ (39... Bxd3 40. Qxd7 Qd1+ 41. Kh2 Qe2 42. Qxd5 Qxf2 $19)
40. Kh2 Bxg2 0-1

[Event "Sarajevo Bosnia 28th"]
[Site "Sarajevo"]
[Date "1998.05.31"]
[Round "3"]
[White "Bareev, Evgeny"]
[Black "Sokolov, Ivan"]
[Result "1/2-1/2"]
[WhiteElo "2675"]
[BlackElo "2625"]
[Annotator "Ftacnik,L"]
[PlyCount "58"]
[EventDate "1998.05.29"]
[EventType "tourn"]
[EventRounds "9"]
[EventCountry "BIH"]
[EventCategory "15"]
[SourceTitle "CBM 066"]
[Source "ChessBase"]
[SourceDate "1998.09.30"]
[SourceVersion "1"]
[SourceVersionDate "1998.09.30"]
[SourceQuality "1"]

1. Nf3 g6 2. d4 Nf6 3. g3 Bg7 4. Bg2 d5 5. O-O c6 6. b3 O-O 7. Bb2 a5 8. c4 a4
9. e3 (9. bxa4 dxc4 10. Na3 (10. Ne5 Nbd7 11. Nxc4 Nb6 12. Nxb6 Qxb6 13. Qb3
Qa5 14. Nc3 e5 15. dxe5 Ng4 16. Ne4 Nxe5 17. Bc3 Qxa4 18. Qb2 {1-0 Gislason,
G-Blees,A/Hafnarfjordur op/1996/ (27)}) 10... Nbd7 11. Nxc4 Nb6 12. Nxb6 Qxb6
13. Ba3 Re8 14. Qb3 Qa6 15. Ng5 e6 16. e4 Qxa4 17. Bb2 h6 18. Nh3 e5 19. dxe5
Nxe4 20. Rfe1 Qxb3 21. axb3 Rxa1 22. Bxa1 Nc5 {0-1 Vasiliev,V-Ebralidze,A/
URS-ch sf /1949/ (51)}) (9. Nbd2 axb3 (9... a3 10. Bc3 Ne4 11. Nxe4 dxe4 12.
Ne1 f5 13. Qd2 Na6 14. Nc2 b5 15. Rad1 bxc4 16. bxc4 Be6 17. Ne3 Qc7 18. Ba5
Qd6 19. d5 {1/2-1/2 Sanchez,J-Navarro,P/Andalucia op/1991/}) (9... Bf5 10. Nh4
Bg4 11. h3 Be6 12. Qc2 Na6 13. e4 dxe4 14. Nxe4 Nxe4 15. Qxe4 axb3 16. axb3 Qb6
17. Qd3 Rad8 18. Rfd1 c5 19. Nf3 Nb4 20. Qd2 cxd4 21. Bxd4 Bxd4 22. Nxd4 Nc6
23. c5 Qxc5 24. Nxe6 fxe6 25. Qe1 Nd4 {0-1 Mailfert,J-Borocz,I/Budapest FS11
IM-A/1993/ (43)}) (9... Ne4 10. Qc1 Bg4 11. e3 Bxf3 12. Nxf3 e6 13. Rd1 Nd7 14.
Ne1 f5 15. Nd3 Qb8 16. Rb1 axb3 17. axb3 Re8 18. Ra1 Rxa1 19. Qxa1 Nd6 20. c5
Nb5 {Hoffman,A-Giaccio,A/ARG-ch/1998/1/2-1/2 (58)}) 10. axb3 Na6 11. Qc1 Bf5
12. Bc3 Ne4 13. Nxe4 Bxe4 14. Ne5 Bxg2 15. Kxg2 c5 {1/2-1/2 De Freitas,
M-Bolbochan,J/Sao Paulo zt/1960/}) (9. Ne5 Nbd7 10. Nd3 Ne4 11. Na3 Ndf6 12. c5
Bd7 13. b4 Qc8 14. Bc1 Bh3 15. f3 Nh5 16. Be3 Nc3 17. Qd2 Bxg2 18. Kxg2 Qe6 19.
g4 Nf6 20. Nf4 Nce4 21. Qe1 Nxg4 22. Nxe6 Nxe3+ 23. Kh1 fxe6 24. Rg1 Bxd4 25.
fxe4 {1-0 Wirthensohn,H-Canibol,H/Bad Meinberg/1975/ (29)}) (9. cxd5 Nxd5 10.
e4 Nc7 11. Na3 c5 12. Nc4 cxd4 13. Bxd4 axb3 14. axb3 Nc6 15. Bxg7 Kxg7 16.
Rxa8 Qxd1 {1/2-1/2 Pigusov,E-Bareev,E/URS-FL/1986/}) (9. Nc3 a3 10. Bc1 Ne4 11.
Bd2 Nxd2 12. Qxd2 dxc4 13. bxc4 Qa5 14. Rab1 Rd8 15. Rfd1 Qa6 16. c5 Bg4 17.
Qe3 Bxf3 18. Bxf3 Qc4 19. Qxe7 Na6 20. Rdc1 Bxd4 21. Nb5 Qxa2 22. Nxd4 Rxd4 23.
Ra1 Qb2 24. Rab1 Qa2 25. Rxb7 {Spangenberg,H-Giaccio,A/ARG-ch/1995/1-0 (49)}) (
9. c5 axb3 10. Qxb3 Nbd7 11. Nbd2 Re8 12. Rfd1 Qa5 13. a4 e5 14. Bc3 Qc7 15. e3
e4 16. Ne1 h5 17. Rdb1 h4 18. a5 Bh6 19. Nf1 hxg3 20. hxg3 Nf8 21. a6 Rxa6 22.
Rxa6 bxa6 23. Qb6 {1/2-1/2 Karnar,M-Kodric,M/SLO-chT sf/1996/ (41)}) 9... Ne4
10. Nfd2 (10. bxa4 dxc4 11. Nfd2 Nxd2 12. Nxd2 Qa5 13. Nxc4 Qxa4 14. Nb6 Qxd1
15. Rfxd1 Ra6 16. Nxc8 Rxc8 $11) 10... Nc5 (10... Nxd2 11. Nxd2 axb3 12. axb3
Rxa1 13. Qxa1 $14) 11. cxd5 {Why white refrained from the logical and antural
11.Nc3 is a small mystery, equaly so as what black wanted to try after this
semi refutation.} (11. Nc3 $5 Nd3 (11... a3 12. Bc1 Be6 (12... dxc4 13. Nxc4
Ne6 14. b4 $1 $16 (14. Nxa3 c5 $11)) 13. Ndb1 $16) 12. Ba3 axb3 13. axb3 $16)
11... cxd5 12. Ba3 axb3 13. axb3 (13. Bxc5 $2 b2 $1) (13. Nxb3 Ne4 $1 14. f3
Nd6 $11) 13... Nca6 (13... b6 14. Nc3 Bb7 15. Qf3 e6 16. Rfc1 Nd3 17. Rd1 (17.
Bxf8 Nxc1 18. Rxa8 Bxa8 19. Bxg7 Kxg7 $11) 17... Re8 18. Nc4 $14) 14. Nc3 Nc7
15. Bc5 (15. Qf3 Be6 16. Bc5 Nba6 17. b4 Qd7 $11) 15... Rxa1 16. Qxa1 Nba6 (
16... Nd7 $2 17. Bb4 $1 Nf6 18. Ba5 $16) 17. b4 (17. Bb6 $5 Qd6 (17... Qd7 18.
Qa5 e6 19. b4 Ne8 20. b5 Nac7 21. Rc1 $14) 18. Qa5 e6 19. b4 Na8 20. Bc5 Nxc5
21. bxc5 Qa6 $14) 17... Nxc5 $1 18. bxc5 (18. dxc5 $2 Nb5 19. Ndb1 Bf5 $19)
18... e5 $1 {Black bishop comes to life and so the defender will be able to
hold the equality.} 19. dxe5 (19. Nb3 exd4 20. exd4 f5 21. f4 Rf6 $11) 19...
Bxe5 20. Nf3 Bg7 (20... Bxc3 $2 21. Qxc3 Qe7 22. Nd4 $16) 21. Nd4 Ne6 22. Qa3 (
22. Nxd5 Nxd4 23. exd4 Be6 24. Qa2 Bxd4 (24... Qd7 25. Nb6 Qxd4 26. Qa3 $14)
25. Qc4 Bg7 $11) (22. Rd1 $5 Nxc5 23. Nxd5 Re8 24. Qa3 Ne4 25. Qb3 $14) 22...
Nxd4 23. exd4 Bxd4 24. Nxd5 Bh3 (24... Re8 25. Rd1 Bg4 26. Rb1 (26. Rxd4 $2
Re1+ 27. Bf1 Bh3 $19) 26... Re5 27. Nf4 Bxc5 28. Qb2 Qe7 29. Nd3 Re2 30. Qxb7
Qf6 $15) 25. Qb3 (25. Bxh3 Qxd5 26. Bg2 Qxc5 27. Qxc5 Bxc5 28. Bxb7 $11) 25...
Bxg2 26. Kxg2 Qa5 (26... Bxc5 27. Qxb7 Qd6 28. Rd1 $11) 27. Rc1 (27. Qxb7 Qxc5
$11) 27... Re8 $1 (27... Bxc5 $6 28. Nf6+ Kh8 29. Nd7 Qd2 30. Qc3+ Qxc3 31.
Rxc3 Bb4 32. Rc4 Rd8 33. Ne5 Re8 34. Nxf7+ Kg7 35. Rxb4 Kxf7 36. Rxb7+ $14) (
27... Bxf2 $2 28. Ne7+ Kg7 29. Qb2+ $18) (27... Qd2 28. Rc2 Qd1 29. Qa2 Bg7 $11
) 28. Qf3 (28. Qxb7 Re2 29. Qb4 Rxf2+ 30. Kh1 Qa2 $17) 28... Qa2 29. Nf6+ Bxf6
1/2-1/2

[Event "USA-ch G1"]
[Site "Chandler"]
[Date "1997.08.28"]
[Round "5"]
[White "Sammour Hasbun, Jorge E"]
[Black "Fedorowicz, John P"]
[Result "0-1"]
[WhiteElo "2370"]
[BlackElo "2510"]
[Annotator "Ftacnik,L"]
[PlyCount "62"]
[EventDate "1997.08.23"]
[EventType "tourn"]
[EventRounds "7"]
[EventCountry "USA"]
[EventCategory "12"]
[SourceTitle "CBM 061"]
[Source "ChessBase"]
[SourceDate "1997.11.23"]
[SourceVersion "1"]
[SourceVersionDate "1997.11.23"]
[SourceQuality "1"]

1. Nf3 Nf6 2. d4 g6 3. c4 Bg7 4. g3 O-O 5. Bg2 c6 6. O-O d5 7. Qb3 dxc4 8. Qxc4
Qd5 (8... Bf5 9. Rd1 Nbd7 10. Qb3 Qb6 11. Qa3 e5 12. Nc3 Rfe8 13. dxe5 Nxe5 14.
Nxe5 Rxe5 15. Bf4 Ra5 16. Qb3 Qxb3 17. axb3 Rxa1 18. Rxa1 Bf8 19. Be5 Nd7 20.
Bd4 a6 21. Be4 Be6 22. Bc2 Nc5 23. b4 {Kochyev,A-Khenkin,I/Dortmund op-A 1993/
0-1 (45)}) (8... Nbd7 9. Nc3 Nb6 10. Qd3 Ne8 11. h3 Be6 12. Rd1 f5 13. Bf4 Nf6
14. Rac1 Nbd5 15. Ng5 Nxf4 16. gxf4 Qd6 17. Nxe6 Qxe6 18. b3 Kh8 19. Na4 Qd6
20. e3 e6 21. Nc5 Qe7 22. Qc4 Nd5 23. Nd3 {Vologyin,V-Shliebner,S/Ceske
Budejovice op 1994/1/2-1/2 (45)}) 9. Qb4 Qd6 (9... Qd8 10. Nc3 Na6 11. Qa3 Qd6
12. Qb3 Qb4 13. Qc2 Qa5 14. a3 Qh5 15. e4 Bh3 16. Ne2 Bxg2 17. Kxg2 Rad8 18. h3
Qb5 19. b4 Rfe8 20. Rb1 Nb8 21. a4 {Panno,O-Garcia,R/Mar del Plata 1965/1-0 
(57)}) 10. Qb3 Qe6 11. Qd1 (11. Qa3 Qd6 12. Bf4 Qxa3 13. Nxa3 Bg4 $11) 11...
Rd8 12. Nc3 Na6 (12... c5 13. d5) 13. Bf4 c5 (13... Nb4 14. e3 $13) 14. d5 $1
Qb6 (14... Nxd5 $2 15. Ng5 $18) 15. e4 Bg4 (15... Qxb2 16. Be5 Nb4 (16... Nxe4
17. Nxe4 Bxe5 18. Rb1 Qxa2 19. Nxe5 $16) (16... b6 17. Rb1 Qa3 18. Rb3 Qa5 19.
Rb5 $11) 17. Nb5 Qc2 18. Nc7 Rb8 19. Nb5 $11) 16. h3 Bxf3 17. Qxf3 Nd7 (17...
Qxb2 18. Rab1 Qa3 19. Rxb7 $16) 18. Qe2 (18. b3 Ne5 19. Qe3 c4 20. Rac1 Qxe3
21. Bxe3 Nd3 $17) 18... Ne5 19. Be3 (19. Rac1 c4 20. Bxe5 Bxe5 21. Kh2 Rac8 22.
f4 $14) 19... Qb4 20. f4 (20. a3 $5 Qc4 (20... Qb3 21. Bg5 Nc4 22. Rfc1) 21.
Rae1 Nd3 22. Rd1 Nxb2 23. Qxb2 Qxc3 24. Qxb7 $16) 20... Nc4 21. Bc1 Nxb2 22.
Bxb2 (22. Rb1 Bxc3 23. Bxb2 Bxb2 24. Rxb2 Qd4+ 25. Kh1 b6 $13) 22... Bxc3 23.
Bxc3 Qxc3 24. Kh2 c4 (24... Nb4 25. Rac1 Qd3 26. Qxd3 Nxd3 27. Rc3 $14) 25.
Rac1 Qd3 26. Qb2 (26. Qxd3 cxd3 27. Rfd1 Rac8 28. Rxc8 Rxc8 29. Rxd3 Rc2 30.
Ra3 Kf8 31. e5 Ke8 $13) 26... Rac8 (26... b6 27. Rfd1 Qe3 28. Qb5 Nc5 29. Qxc4
$14) 27. Rc3 $2 {White is losing track in tactics of the position, his strong
center was the guarantee of better chances. Weiss verliert sich taktisch,
seine starke Zentrum hat ihm bessere Chancen versprochen.} (27. Rfd1 c3 (27...
Qe3 28. Qxb7 Qa3 29. Qxa7 c3 $14) 28. Qxb7 Qe2 29. Re1 Qc4 30. Qxe7 $16) 27...
Qd4 28. Rfc1 Nc5 29. Qb4 (29. Qb1 Nd3 30. R1c2 Rc7 31. a3 Rdc8 $17) 29... Nd3
30. Rd1 a5 $5 31. Qb2 (31. Qxa5 $1 b6 (31... Ra8 32. Qb4 Qg7 (32... Qf2 33.
Qxe7 Ne1 34. Rxe1 Qxe1 35. Rxc4) 33. Rcxd3 cxd3 34. Rxd3 Rxa2 35. Qxb7 $11) (
31... b5 32. Rc2 b4 33. Qa6) 32. Qb4 Qg7 33. Rdxd3 cxd3 34. Rxd3 Qa1 35. Qxe7
Qxa2 36. Ra3 Qe2 37. Ra7 Rf8 $15) 31... b5 (31... b5 32. a3 Rc5 33. e5 g5 $19)
0-1

[Event "Poikovsky Karpov 19th"]
[Site "Poikovsky"]
[Date "2018.06.02"]
[Round "6"]
[White "Gelfand, Boris"]
[Black "Korobov, Anton"]
[Result "1-0"]
[WhiteElo "2695"]
[BlackElo "2678"]
[Annotator "Gelfand,B"]
[PlyCount "195"]
[EventDate "2018.05.27"]
[EventType "tourn"]
[EventRounds "9"]
[EventCountry "RUS"]
[EventCategory "18"]
[SourceTitle "CBM 185"]
[Source "ChessBase"]
[SourceDate "2018.07.13"]
[SourceVersion "1"]
[SourceVersionDate "2018.07.13"]
[SourceQuality "1"]

{I played in Karpov's tournament in Poikovsky for the first time. Now I'll
present one of my games from this event.} 1. c4 Nf6 2. Nf3 c6 3. g3 g6 4. b3 ({
White is trying to avoid known simplifications after} 4. Bg2 Bg7 5. O-O O-O 6.
d4 d5 7. b3 (7. Qb3 {I had played against Emil Sutovsky a few days earlier}) {
Black has shown some good ways to equalise by} 7... dxc4 8. bxc4 c5 $11) 4...
Bg7 5. Bb2 d5 6. Bg2 O-O 7. O-O Nbd7 {One of the most popular choices for
Black.} (7... dxc4 8. bxc4 c5 9. d3 Nc6 10. Ne5 {was played in a famous
Aronian-Carlsen game, but the great Leonid Stein had won a game with it
already in 1971!}) (7... Bg4 8. d3 Bxf3 9. Bxf3 {is a very solid, but passive
choice.}) 8. d4 Ne4 {The most popular choice, but I find} (8... b6 {more
natural.}) 9. e3 {As both Black's knights are aiming st the e4-square it makes
no sense to exchange one of them. Mark Dvorecky had a special chapter in one
of his books about this topic.} Ndf6 $6 10. Ne5 Be6 {Anton follows an example
of my compatriots Ilya Smirin and Boris Alterman, even though both of them
lost their games.} 11. Qe2 a5 12. Na3 {There were other alternatives, but I
like this quiet move.} a4 13. f3 Nd6 14. c5 ({It makes no sense to hurry with} 
14. e4 axb3 15. axb3 Nd7 16. exd5 cxd5 17. c5 Nf5) 14... Nf5 (14... Nc8 15. b4)
15. b4 {White has got a big space advantage and it is difficult for Black to
play this position. Especialy for such a creative player as Anton.} Bc8 (15...
Nd7 16. Nd3) (15... Bh6 16. Nc2) 16. Rad1 $6 {I quickly made this natural move,
but much more precise was} (16. Rfd1 e6 17. e4 Ne7 18. b5 {as now Black cannot
play ...b6!} cxb5 (18... b6 19. bxc6 $18) 19. Nxb5 $16) 16... e6 {Here I
realised my mistake. It took me some time to find a correct way to continue. I
am proud that I have managed to calculated the line till the 29th move. I felt
this line is pretty forced from a human's point of view.} (16... Nd7 17. e4
Nxd4 18. Bxd4 Nxe5 19. exd5 $18) 17. e4 Ne7 18. Bc1 {The bishop is aiming for
d6.} (18. b5 b6 {works because of the potential pin on the a6-f1 diagonal.})
18... b6 19. Qc2 bxc5 20. bxc5 Ba6 (20... Nd7 21. Nxd7 Qxd7 (21... Bxd7 22. Bf4
) 22. Bf4 $14) 21. Rfe1 Nd7 (21... Ne8 22. Bf4 f6 23. Nd3 {doesn't solve
Black's problems.}) 22. Nxd7 Qxd7 23. Bf4 dxe4 {The computer thinks this move
is a mistake, but from a human perspektive it is the only reasonable move. If
the white bishop could get to d6, Black would have no space whatsoever.} (23...
Rfd8 24. Bd6) 24. fxe4 Bxd4+ (24... f5 25. Nc4 Bxc4 26. Qxc4 fxe4 27. Rxe4 Nd5
28. Bd6 {and the e6-pawn is too weak.}) 25. Kh1 Rfd8 26. Nc4 $1 ({I was
reluctant to play} 26. Be5 Bxe5 27. Rxd7 Rxd7 {but the computer rightly
underlines that White has the strong move} 28. Bf1 $1 $16) 26... Bxc4 (26...
Qa7 27. Nb6 e5 28. Nxa8 exf4 29. Qxa4 $18) 27. Qxc4 Ra5 28. Be3 $1 {The point
of White's play.} (28. Be5 $2 Bxe5 29. Rxd7 Rxd7 $44) 28... e5 29. Rf1 $1 {
White had weakened the f7-square and hit there!} Qe8 (29... Qe6 30. Qxe6 fxe6
31. Bh3 $16 {/+-}) (29... Nc8 30. Bh3 $16 {/+-}) 30. Bxd4 Rxd4 ({A more
stubborn try was} 30... exd4 31. Bh3 Nc8 32. Rxd4 Rxd4 33. Qxd4 $16 {even
though, White's advantage is close to a decisive one.}) 31. Rxd4 exd4 32. Bh3
$1 {My co-author Jacob Aagaard never forgets to remind to bring all the pieces
into an attack. I followed his advice. Black is helpless against the use of
Bd7 or Rxf7.} h5 (32... Nc8 33. Bxc8 $18) (32... Rb5 33. Bd7 Qf8 34. Rxf7 $18)
(32... Ra7 33. Rxf7 $18) 33. Bd7 $1 (33. Rf6 {should also win.}) 33... Qxd7 34.
Qxf7+ Kh8 35. Qf8+ ({It was possible to finish the game immediately by} 35.
Qf6+ $3 Kh7 36. Qf8 Ng8 37. Rf7+ $18) 35... Ng8 36. Rf7 Qxf7 37. Qxf7 Rxc5 38.
Qxg6 d3 39. Qd6 Rc1+ 40. Kg2 Rc2+ 41. Kf3 Rxh2 {We passed the time control and
White's position is winning. But I relaxed too early...} 42. Qxd3 ({A more
precise move was} 42. Qd4+ Kh7 43. Qxd3 Rxa2 44. e5+ Kh8 45. e6 $18) 42... Rxa2
43. Qc4 Ra3+ 44. Kf4 Rb3 45. Qxa4 Rb7 46. Qxc6 Rf7+ 47. Ke5 $2 {I lost the
thread. It is clear that if White could manage to play e5 Black would have to
resign.} (47. Kg5 Rg7+ 48. Kh4 (48. Kxh5 Rxg3 49. Qd6 Rg1 50. e5 Rg7) 48...
Rg4+ 49. Kh3 $18) 47... Kg7 48. Qc3 Kg6 49. Qc8 Kg7 50. Qc3 Kg6 51. Kd6 Rf6+
52. Kc5 Re6 53. Qb3 Re8 54. Kd6 $2 {Just a blunder} (54. Qd3 $1 Kg7 55. Qd4+
Kg6 56. e5 $18) 54... Nh6 55. Qb6 Ng4 56. Qc6 Re5 {Black can build a fortress.}
57. Qa8 Kg7 $2 {A blunder as well} ({I don't see a way to break through after} 
57... Kh7 58. Qf8 Rg5 59. Qf7+ Kh6 60. Qf4 Kg6 61. Ke6 Ra5 62. Qc7 Rg5 63. Qf7+
Kh6 64. Kd6 Ra5 {It is important not to allow the king to go back to d4} (64...
Rg6+ $2 65. Kd5 Rg5+ 66. Kd4 Re5 67. Qf8+ Kg6 68. Qd6+ Kg5 69. Qc6 Ra5 70. Qd7
$18) 65. Qf8+ Kg6 66. Qg8+ Kh6 67. Qd8 Rg5 $11) (57... Kf7 58. Qa2+ Kf8 59. Qb2
Rg5 $1 $13) 58. Qa1 Kf6 59. Qb2 (59. Qc3 Kg5 60. Qf3 Ra5 61. Qf7 {seems
winning, but probably Black can hold by} Kh6 $11) 59... Kg5 60. Qc3 {Zugzwang.
White is winning the h-pawn.} h4 61. Qc1+ Kh5 62. Qh1 Rg5 63. Qxh4+ Kg6 64. Qh8
Nh6 65. Qc3 Kh5 66. Qf3+ Ng4 67. Ke6 Re5+ 68. Kf7 Kg5 69. Qf4+ Kh5 70. Qc1 ({
White could immidiately win by} 70. Qf1 Nh6+ (70... Kg5 71. Qc1+ Kh5 72. Qh1+)
71. Kf6 Ng4+ 72. Kg7 Rg5+ 73. Kh7 Nf6+ 74. Qxf6 Rg7+ 75. Kxg7 $18 {and no
stalemate}) 70... Nh6+ 71. Kf6 Ng4+ 72. Kf7 Nh6+ 73. Kf6 Ng4+ 74. Kg7 Re7+ 75.
Kf8 Re5 76. Qf4 Ra5 77. Qf1 Kg6 78. Qf7+ Kh6 79. Qg7+ Kh5 80. Qh7+ Nh6 81. Qc7
({I completely missed the possibility of} 81. g4+ $18) 81... Rg5 82. Qc1 Rg8+
83. Ke7 Rg7+ 84. Ke6 Rg6+ 85. Kd5 Rg5+ 86. Kd4 Rxg3 87. e5 {Now I was glad.
There is no way for another blockade and I was anticipating the Q vs R ending.}
Rg7 88. e6 Kg6 89. Ke5 Ng8 90. Qg1+ Kh7 91. Qh1+ Kg6 92. Qg2+ Kh7 93. Qh3+ Kg6
94. Qf5+ Kh6 95. Kd6 Ra7 $2 (95... Rg6 {would leave chances for the
above-mentioned ending.}) 96. Qf4+ Kh7 97. Qh4+ Kg6 98. Qe4+ {This game
reminds me of my victory vs Lenier Dominguez from Paris GP 2013. Inspired play
in the middlegame was destroyed by poor technique and my opponent was
resisting with a rook and minor piece against the queen. But at the end I
managed to squeeze a victory.} (98. Qe4+ Kh6 (98... Kg7 99. Qd4+) 99. Qe3+ $18)
1-0

[Event "Bayern-chI Bank Hofmann 6th"]
[Site "Bad Wiessee"]
[Date "2002.11.01"]
[Round "7"]
[White "Malakhov, Vladimir"]
[Black "Golod, Vitali"]
[Result "1/2-1/2"]
[WhiteElo "2670"]
[BlackElo "2523"]
[Annotator "Golod,V"]
[PlyCount "67"]
[EventDate "2002.10.26"]
[EventType "swiss"]
[EventRounds "9"]
[EventCountry "GER"]
[SourceTitle "EXT 2003"]
[Source "ChessBase"]
[SourceDate "2002.11.25"]
[SourceVersion "1"]
[SourceVersionDate "2002.11.25"]
[SourceQuality "1"]

1. c4 Nf6 2. g3 c6 3. Nf3 g6 4. b3 Bg7 5. Bb2 O-O 6. Bg2 d5 7. O-O Re8 $5 {
For now I don't want to determine where my white square bishop should be
inserted.} 8. d4 {We moved in Gruenfeld(3.g3),including move Re8.It is not
clear how it is useful for me.} ({Vladimir didn't play:} 8. d3 {because:} Nbd7
{[%cal Ge7e5]}) 8... Bf5 9. Nc3 ({After:} 9. Nbd2 {I perform the same plan:}
Ne4) 9... Ne4 10. Nh4 {Hardly anything better might be proposed.} (10. Rc1 $143
{See comments to Giorgadze,G-Sakaev,K/Moscow,1994/CBM 45(0-1)(Dolmatov,S)(68)})
10... Nxc3 11. Bxc3 Be6 12. Qd3 Nd7 {I was thinking a lot about this move.It
is good that I didn't play:12...Qb6,because my opponent anyway was going to
play:13.c5   and I only would lose tempo.} 13. c5 $146 ({Badly:} 13. e4 $2 {
because of:} dxc4 14. bxc4 $140 Ne5 {[%csl Rc4,Rd3,Gd8]} 15. Qc2 Nxc4 16. d5
cxd5 17. Bxg7 Kxg7 $17 {Fiorito,F-Fraschini,M/Buenos Aires,1996(0-1)(40)})
13... f5 $6 ({Well enough:} 13... b6 $5 14. b4 $140 a5 15. a3 {[%csl Ya3,Yb4,
Yc5]} axb4 16. axb4 Qc7 $11 {/\Qb7<->a.}) 14. b4 Bf7 15. f4 ({On:} 15. Nf3 {
impossibly:} Qc7 {with the idea to wait when the knight leaves and to play
"e5",after it.}) 15... b6 16. Nf3 ({It is hardly better:} 16. Rfc1) ({or} 16.
Rfb1) 16... a5 17. a3 (17. cxb6 $143 axb4 18. Bxb4 Qxb6 19. Rfb1 Qa7 $11 {
[%cal Gc6c5]} (19... c5 $2 20. Bxc5 Nxc5 21. Rxb6 Nxd3 22. exd3 Ra4 23. Ne5 {
+/=/+/-})) 17... axb4 18. axb4 b5 $6 {[%mdl 16384] I made field "a5" more weak.
} (18... Qc7 $142 {/\Qb7<->a; Rxa1 and Ra8.}) 19. Bb2 ({Can be recommended:} 
19. Ra5 $5) 19... Qc7 20. Ra3 Reb8 21. Rfa1 $14 Qb7 {[%cal Yc7a8,Yd7f6,Yf6e8,
Ye8c7] I also was thinking about 21...Qc8.} 22. Qb3 Nf6 23. Ne5 Ne8 24. g4 {
A little adventurous attack.} e6 $6 (24... Bxe5 $5 25. fxe5 fxg4 26. Qg3 Be6
27. e4 $36) 25. gxf5 gxf5 $6 (25... exf5 $142) 26. Qa2 $6 ({Again it was much
better:} 26. Ra5 $1 {[%csl Ga5,Rg8] +/=/+/-}) 26... Rxa3 27. Qxa3 Nc7 {Knight
comes to help on time!} 28. Qa5 Be8 {[%csl Ye8][%cal Ye8c6] The more pieces I
exchange in <->a,the better for me.} (28... Ra8 $4 29. Qb6) 29. Ra3 Qc8 30. Bf3
Kf8 $1 {Attention has to be paid.} (30... Ra8 $4 31. Qxc7 Qxc7 32. Rxa8 $18 {
[%csl Re8][%cal Gf3h5]}) 31. Qa7 Bf6 {[%csl Ra7,Yf6][%cal Yf6d8]} 32. Ra1 {
[%cal Ya7a2]} Ra8 $11 33. Qb6 Rb8 34. Qa7 (34. Ra7 $4 Rxb6 35. cxb6 Na6 $17)
1/2-1/2